LEADER 00935cam0-22003251i-450- 001 990000006740403321 005 20161027133712.0 035 $a000000674 035 $aFED01000000674 035 $a(Aleph)000000674FED01 035 $a000000674 100 $a20020821d1920----km-y0itay50------ba 101 0 $afre 102 $aFR 105 $aa-------001yy 200 1 $aLeçons de sidérurgie professée à l'École des mines de St-Étienne$fAnglès d'Auriac 210 $aParis$cDunod$d1920 215 $a714 p.$cill.$d25 cm 610 0 $aSiderurgia 676 $a672 700 1$aAuriac,$bAnglès : d'$0422930 801 0$aIT$bUNINA$gRICA$2UNIMARC 901 $aBK 912 $a990000006740403321 952 $a13 P 34 12$b5499$fFINBC 952 $a04 182-36$bCI 445$fDINCH 959 $aFINBC 959 $aDINCH 996 $aLeçons de sidérurgie professée à l'École des mines de St-Étienne$9107764 997 $aUNINA LEADER 00968nam0-22003131i-450- 001 990000098220403321 035 $a000009822 035 $aFED01000009822 035 $a(Aleph)000009822FED01 035 $a000009822 100 $a20011111d--------km-y0itay50------ba 101 0 $aita 105 $ay-------001yy 200 1 $aArch design simplified$ea text book on the rapid and economical design of arch bridges including 33 tables andillustrative designs. 210 $aLondon$cConcrete publications limited$d1945 215 $aVI, 61 p., 5 tav.$cill.$d23 cm 225 1 $aConcrete series 610 0 $aArchi in cemento armato 610 0 $aPonti in cemento armato$aArchi 676 $a624.2 700 1$aFairhurst,$bW. A.$0332933 801 0$aIT$bUNINA$gRICA$2UNIMARC 901 $aBK 912 $a990000098220403321 952 $a13 M 22 09$b22644$fFINBC 959 $aFINBC 996 $aArch design simplified$9116044 997 $aUNINA DB $aING01 LEADER 00931nam0-2200301 --450 001 9910315455803321 005 20190417135133.0 010 $a0521623685 100 $a20190417d1999----kmuy0itay5050 ba 101 2 $agrc$aeng 102 $aGB 105 $a 001yy 200 1 $aClitophon$fPlato$gedited with an introduction, translation and commentary by S. R. Slings 210 $aCambridge$cCambridge University press$d1999 215 $aXV, 360 p.$d23 cm 225 1 $aCambridge classical texts and commentaries$v37 300 $aTrad. inglese a fronte. 500 10$aClitophon$m$919164 676 $a184$v21 700 0$aPlato$0292329 702 1$aSlings,$bSimon Roelof 801 0$aIT$bUNINA$gREICAT$2UNIMARC 901 $aBK 912 $a9910315455803321 952 $aP2B 600 C.C.T.C. PLATO 433A 1999$bBIBL. 2019$fFLFBC 959 $aFLFBC 996 $aClitophon$919164 997 $aUNINA